Capitales de países por su bandera - Estadísticas

Estadísticas generales
  • Esta prueba ha sido intentada 243 veces
    117 desde el último reinicio
  • La puntuación promedio es 113 de 196
Estadísticas de respuestas
Imagen Respuesta % Correcto
Berlín
98%
Madrid
98%
París
98%
Roma
98%
Tokio
98%
Buenos Aires
97%
Pekín
95%
Washington DC
95%
Londres
93%
Ottawa
93%
Jerusalén
92%
Lisboa
92%
Seúl
92%
Varsovia
92%
Ciudad de México
90%
Montevideo
90%
Nueva Delhi
90%
Atenas
88%
Bogotá
88%
Moscú
88%
Ámsterdam
86%
Berna
86%
El Cairo
86%
Helsinki
85%
Zagreb
85%
Ankara
83%
Canberra
83%
Dublín
83%
Oslo
83%
Panamá
83%
Quito
83%
Bruselas
81%
Estocolmo
81%
Rabat
81%
Santiago de Chile
81%
Bangkok
80%
Belgrado
80%
Budapest
80%
Asunción
78%
Andorra La Vieja
76%
Bucarest
76%
Ciudad del Vaticano
76%
Reikiavik
76%
Tallin
76%
Tirana
76%
Viena
76%
Wellington
76%
Argel
75%
La Habana
75%
Lima
75%
Pretoria / Bloemfontein / Ciudad del Cabo
75%
Doha
73%
Pristina
73%
Teherán
73%
Bagdad
71%
Copenhague
71%
Minsk
71%
Praga
71%
San Marino
71%
Skopie
71%
Islamabad
69%
Kabul
69%
Riga
69%
Taipéi
69%
Bakú
68%
Caracas
68%
Hanói
68%
Liubliana
68%
Riad
68%
Bratislava
66%
La Paz / Sucre
66%
La Valeta
66%
Ereván
64%
Managua
64%
Podgorica
64%
Sofía
64%
Vaduz
64%
Yakarta
64%
Ulán Bator
63%
Brasilia
61%
Ciudad de Guatemala
61%
Damasco
61%
Kingston
61%
Katmandú
59%
Kiev
59%
Mónaco
59%
Pionyang
59%
Vilna
59%
Luxemburgo
58%
Puerto Principe
58%
Abu Dhabi
56%
Antananarivo
56%
Astaná / Nursultán
56%
Dakar
56%
Nicosia
56%
Sarajevo
56%
Asjabad
54%
Bridgetown
54%
Manila
54%
San José
54%
Singapur
54%
Tiflis
54%
Castries
53%
Chisináu
53%
Sana
53%
Santo Domingo
53%
Amán
51%
Daca
51%
Malé
51%
Nairobi
51%
Paramaribo
51%
Yaundé
51%
Kuwait
49%
Roseau
49%
San Salvador
49%
Santo Tomé
49%
Suva
49%
Tegucigalpa
49%
Túnez
49%
Kuala Lumpur
47%
Nom Pen
47%
Puerto España
47%
Yibuti
47%
Beirut
46%
Luanda
46%
Nasáu
46%
Vientián
46%
Adís Abeba
44%
Bandar Seri Begawan
44%
Biskek
44%
Dodoma
44%
Manama
44%
Mogadiscio
44%
Monrovia
44%
Trípoli
44%
Belmopán
42%
Naipyidó
42%
Ngerulmud
42%
Saint John
42%
Taskent
42%
Yamusukro
42%
Kampala
41%
Libreville
41%
Maputo
41%
Yaren
41%
Apia
39%
Bamako
39%
Dili
39%
Gaborone
39%
Kigali
39%
Mbabane
39%
Port Moresby
39%
Praia
39%
Saint George
39%
Victoria
39%
Abuja
37%
Asmara
37%
Malabo
37%
Niamey
37%
Timbu
37%
Bisáu
36%
Jartum
36%
Mascate
36%
Port Vila
36%
Uagadugú
36%
Yamena
36%
Dusambé
34%
Georgetown
34%
Lomé
34%
Lusaka
34%
Moroni
34%
Nukualofa
34%
Sri Jayawardenapura Kotte
34%
Windhoek
34%
Basseterre
32%
Kingstown
32%
Maseru
32%
Gitega
31%
Harare
31%
Port Louis
31%
Yuba
31%
Bangui
29%
Conakry
29%
Freetown
29%
Funafuti
29%
Lilongüe
29%
Accra
27%
Banjul
27%
Brazzaville
27%
Kinsasa
27%
Palikir
27%
Majuro
25%
Nuakchot
25%
Porto Novo
25%
Tarawa
25%
Honiara
22%
No se encontraron pruebas coincidentes
Distribución de puntuación
Porcentaje de gente con cada puntuación
Porcentaje por número respondido
Historial de tus puntuaciones
No has intentado esta prueba desde el último reinicio